000 00723nam a2200229Ia 4500
003 OSt
005 20220918200342.0
006 a|||||r|||| 00| 0
007 ta
008 220917b |||||||| |||| 00| 0 eng d
024 _a88,437
037 _cTextual
040 _aARTS
_cARTS
_beng
041 _2eng
_aeng
082 _aT4h63, J7
245 0 _aOpen Universities in South Africa
260 _c1957
490 _aPublished on behalf of the conference of representatives of the university of Cape Town and the university of teh Witwatersrand (Johannesburg ) held in cape Town on 9,10, and 11 january 1957
650 _aHIGHER EDUCATION
942 _hT4h63, J7
_cTEXL
_2CC
999 _c212125
_d212125